Optimalizační metody /

Enregistré dans:
Détails bibliographiques
Auteur principal: Maňas, Miroslav (Auteur)
Format: Livre
Langue:tchèque
Publié: Praha : SNTL, 1979
Sujets:
Tags: Ajouter un tag
Pas de tags, Soyez le premier à ajouter un tag!

MARC

LEADER 00000nam a22000003a 4500
001 stu38930
005 20150617225725.2
008 921202s1979----cs------------------cze-d
040 |a STU  |b slo 
041 0 |a cze 
044 |a cs 
100 1 |a Maňas, Miroslav  |4 aut 
245 1 |a Optimalizační metody /  |c [aut.]Miroslav Maňas 
260 |a Praha :  |b SNTL,  |c 1979 
300 |a 257 s 
650 7 |a Metódy optimalizačné  |2 stusub 
996 |b 284M012279  |c M*6293-1  |l MMKN  |s A  |a 24  |w stu38930_0001